Central Library OPAC University of Rajshahi

Agricultural finance; principles and practice of farm credit/ (Record no. 2488)

MARC details
000 -LEADER
fixed length control field 00566nam a22001937a 4500
001 - CONTROL NUMBER
control field 2488
003 - CONTROL NUMBER IDENTIFIER
rucl marc code BD-RjUL
005 - DATE AND TIME OF LATEST TRANSACTION
control field 20211208233549.0
008 - FIXED-LENGTH DATA ELEMENTS--GENERAL INFORMATION
fixed length control field 131211r19631960us ||||| |||| 00| 0 eng d
035 ## - SYSTEM CONTROL NUMBER
System control number (BD-RjUL)
040 ## - CATALOGING SOURCE
Original cataloging agency BD-RjUL
Language of cataloging eng
Transcribing agency BD-RjUL
041 ## - LANGUAGE CODE
Language code of text/sound track or separate title eng
082 ## - DEWEY DECIMAL CLASSIFICATION NUMBER
Classification number 332.710973
Author mark and year MUA
100 ## - MAIN ENTRY--PERSONAL NAME
Personal name Murray ,William G
Fuller form of name William G Murray
9 (RLIN) 8060
245 ## - TITLE STATEMENT
Title Agricultural finance; principles and practice of farm credit/
260 ## - PUBLICATION, DISTRIBUTION, ETC. (IMPRINT)
Place of publication, distribution, etc. U.S.A
Name of publisher, distributor, etc. Iowa State College Press,
Date of publication, distribution, etc. c1960 [Printed 1963]
300 ## - PHYSICAL DESCRIPTION
Pagination x, 486p. :
Illustrations illus.,
Size 24 cm.
942 ## - ADDED ENTRY ELEMENTS (KOHA)
Source of classification or shelving scheme Dewey Decimal Classification
Koha item type Books
Holdings
Lost status Source of classification or shelving scheme Damaged status Not for loan Collection code Permanent Location Current Location Shelving location Date acquired Source of acquisition Cost, normal purchase price Total Checkouts Full call number Date last seen Copy number Koha item type
  Dewey Decimal Classification     Non-fiction Central Library, University of Rajshahi Central Library, University of Rajshahi   05/06/1964 Zeittinger 52.00   332.710973 MUA 1963 11/12/2013 C-6 Books